Memories of the slave trade : ritual and the historical imagination in Sierra Leone

Αποθηκεύτηκε σε:
Λεπτομέρειες βιβλιογραφικής εγγραφής
Κύριος συγγραφέας: Shaw, Rosalind
Μορφή: Βιβλίο
Γλώσσα:English
Δημοσίευση: Chicago : University of Chicago Press, c2002
Θέματα:
Ετικέτες: Προσθήκη ετικέτας
Δεν υπάρχουν, Καταχωρήστε ετικέτα πρώτοι!

MARC

LEADER 00000nam a2200000 i 4500
001 1/50881
008 140704s2003 eng d
020 |a 978-0-226-75132-0 
020 |a 0-226-75132-5 
035 |l 10118236 
040 |a GR-MY-UA  |b gre  |e aacr 
041 0 |a eng 
082 0 |a 306.09664  |2 (23) 
100 1 |a Shaw, Rosalind. 
245 1 0 |a Memories of the slave trade :  |b ritual and the historical imagination in Sierra Leone /  |c Rosalind Shaw 
260 |a Chicago :   |b University of Chicago Press,   |c c2002 
300 |a xv, 312 σ.;  |b εικ.;  |c 24 εκ. 
504 |a Περιλαμβάνει βιβλιογραφικές αναφορές 
650 0 0 |a Witchcraft  |z Sierra Leone. 
650 0 0 |a Slave trade  |z Sierra Leone. 
852 |a INST  |b LESVOS  |e 20140704  |h 306.09664 SHA  |p 005100054568  |q 005100054568  |t BK  |y 0 
901 |a BIBL1-2014-2 
909 |a Λ  |b 189504 
922 |a 1ΕΛΗ  |b 201406  |c ΤΚΑΙ  |d ΔΙΑΔΡΟΜΕΣ 
970 |a ΤΖΑΦΕΡΗ  |b ΕΥΑΓΓΕΛΙΑ  |z 2014/07/04